| 000 | 00693cam a2200229 a 4500 | ||
|---|---|---|---|
| 001 | 000003954 | ||
| 005 | 20200929150635.0 | ||
| 008 | 940131s1994 nyu 000 f spa d | ||
| 020 | _a0385313276 | ||
| 082 |
_a813.54 _bS813r |
||
| 100 | 1 |
_aSteel, Danielle, _d1947- _910718 |
|
| 245 | 1 | 3 |
_aEl regalo / _cDanielle Steel ; traducción de María José Rodellar. |
| 260 |
_aNew York : _bDelacorte Press, _c1994. |
||
| 300 |
_a219 p. ; _c19 cm. |
||
| 650 | 4 |
_aNovela estadounidense _9262 |
|
| 650 | 4 |
_aLiteratura estadounidense _ySIGLO XX _96874 |
|
| 700 | 1 |
_aRodellar, María José, _etr. _911891 |
|
| 910 | _aCatalogación por copia / LC | ||
| 910 | _aWM | ||
| 049 | _aBNGR | ||
| 999 |
_c3773 _d3773 |
||
| 040 | _aDO-SdBNP | ||